00177nam a2200073 4500040000800000082001700008100002300025245005500048 cDLC a624.171bDAM aDamodarasamy, S.R. aBasics of Structural Dynamics and a Seismic Design